| 000 | 01284nam a2200289Ia 4500 | ||
|---|---|---|---|
| 005 | 20220317001026.0 | ||
| 008 | 160825s2008 ck a g 000 0 spa | ||
| 020 | _a97895830056012 | ||
| 082 | 0 | 4 |
_a793.74 _bT13h |
| 100 | 1 |
_aTaham, Malba _d1895-1974 |
|
| 245 | 1 | 3 |
_aEl hombre que calculaba _cMalba Tahan ; traducido por Ana Murillo |
| 250 |
_a1a. edición _b11a. reimpresión |
||
| 300 |
_a299 páginas _bilustraciones en blanco y negro _c20 cm |
||
| 490 | _aEnsayo | ||
| 520 | _aOfrece estrategias metodológicas a los maestros para entregar de manera acertada los elementos necesarios a quienes se encuentran en proceso de adquisición de los conceptos matemáticos. A los estudiantes les ofrece la posibilidad de desarrollar las habilidades del cálculo lo cual le permite pensar y actuar de una manera propia de los elementos matemáticos | ||
| 650 | 1 | 4 |
_2LEMB _aMatemáticas recreativas |
| 650 | 1 | 4 |
_2LEMB _aLógica simbólica |
| 650 | 1 | 4 |
_2LEMB _aLógica matemática |
| 650 | 1 | 4 |
_2LEMB _aRazonamiento |
| 700 | 1 |
_aMurillo, Ana _964540 |
|
| 942 |
_2ddc _cBK |
||
| 264 |
_aBogotá _bPanamericana _c2008 |
||
| 336 |
_atexto _btxt _2rdacontent |
||
| 337 |
_asin mediación _bn _2rdamedia |
||
| 338 |
_avolumen _bnc _2rdacarrier |
||
| 040 |
_aCO-BoRNBP _bspa _erda _cCO-BoRNBP |
||
| 999 |
_c5704 _d5704 |
||